Responses for Show #7281 - Monday, April 18, 2016

Andrew Pau game 2.

Contestants

[<< previous game]

David Greenberg, an attorney from Los Angeles, California

Sarah Edwards, a museum docent originally from Richmond, Virginia

Andrew Pau, an assistant professor from Amherst, Ohio (whose 1-day cash winnings total $32,401)

[next game >>]

Jeopardy! Round responses

A PASSION FOR FASHION
COUNTRY FACTS
TV WEAPON OF CHOICE
U.S. GOVERNORS
MUSIC RECORDING
"IN" THE PHRASE
    $200 11
accordion

Sarah
    $200 1
Hungary

David
    $200 16
a crossbow

Sarah
    $200 6
Sarah Palin

Andrew
    $200 23
downloads

Sarah
    $200 18
in a nutshell

Andrew
    $400 12
muumuu

Andrew
    $400 2
Ethiopia

Sarah
    $400 17
a phaser

David
    $400 7
Indiana

Andrew
    $400 24
artists & repertoire

Andrew
    $400 19
in season

Sarah
    $600 13
cargo shorts

Sarah
    $600 3
Colombia

Sarah
    $600 25
a handgun

Triple Stumper
    $600 8
Connally

Andrew
    $600 26
[Sarah's voice had an echo sound effect.]

reverb

David
    $3,400 20
to nip it in the bud

Sarah
    $800 14
a Nehru jacket

Andrew
    $800 4
Romania

Andrew
    $800 29
a chainsaw

Triple Stumper
    $800 9
Iowa

Andrew
    $800 27
a bootleg

David
    $800 21
in the long run

David
    $1000 15
a derby

Sarah
    $1000 5
(David: What is Sweden?)

Russia

AndrewDavid
    $1000 30
a baton

Triple Stumper
    $1000 10
(Rod) Blagojevich

Andrew
    $1000 28
Atlanta

David
    $1000 22
in toto

David

Scores at the first commercial break (after clue 15):

Andrew Sarah David
$6,000 $2,800 -$800

Scores at the end of the Jeopardy! Round:

Andrew Sarah David
$6,600 $7,000 $3,800

Double Jeopardy! Round responses

FIRST & LAST NAME, PLEASE
(Alex: We'll give you the middle initial.)
MARINE BIOLOGY
FRENCH FILM FEMMES
PORTMANTEAU WORDS
THEATRICAL QUOTES
IN THE FRAYS
    $400 2
Cecil B. DeMille

Sarah
    $400 13
El Niño

Andrew
    $400 7
Harry Potter

Andrew
    $400 21
a dramedy

David
    $400 16
Death of a Salesman

Andrew
    $400 26
Christmas

Andrew
    $800 3
Booker T. Washington

David
    $800 14
a nautilus

David
    $800 8
Marion Cotillard

David
    $800 25
(Andrew: What is a labradoodle?)
(David: What is a goldendoodle?)
(Sarah: What is a maltipoo?)

cockapoo

AndrewSarahDavid
Triple Stumper
    $800 17
satire

Triple Stumper
    $800 27
Pickett

David
    $1200 4
Michael B. Jordan

Andrew
    $1200 1
a cobra

Andrew
    $1200 10
Inglourious Basterds

Triple Stumper
    $1200 23
the cronut

Sarah
    $1200 18
(David: What is Scotch?)

a whiskey

David
Triple Stumper
    $1200 28
an eclipse

Andrew
    $1600 5
George S. Patton

David
    $1600 9
keratin

Andrew
    $1600 11
Audrey Tautou

Sarah
    $1600 22
a turducken

David
    $2,000 19
Who's afraid of Virginia Woolf?

Andrew
    $1600 29
the Tet Offensive

David
    $2000 6
Salmon Chase

Andrew
    $2000 15
sea turtles

Sarah
    $2000 12
Catherine Deneuve

Andrew
    $5,000 24
a parsec

Sarah
    $2000 20
Noël Coward

Andrew
    $2000 30
Pompey (the Great)

Andrew

Scores at the end of the Double Jeopardy! Round:

Andrew Sarah David
$22,600 $16,400 $10,200

[wagering suggestions for these scores]

Final Jeopardy! Round responses

AMERICAN ICONS
DavidWho is Rosie the Riveter
$7,000
SarahWho is Rosie the Riveter
$6,201
AndrewWho is Rosie the Riveter?
$10,201
Rosie the Riveter

Final scores:

Andrew Sarah David
$32,801 $22,601 $17,200
2-day champion: $65,202 2nd place: $2,000 3rd place: $1,000

Game dynamics:

Coryat scores:

Andrew Sarah David
$22,200 $10,600 $10,200
24 R
(including 1 DD),
1 W
14 R
(including 2 DDs),
1 W
15 R,
3 W

Combined Coryat: $43,000

[game clues] [game scores] [suggest correction]

Game tape date: 2016-03-02
The J! Archive is created by fans, for fans. Scraping, republication, monetization, and malicious use prohibited; this site may use cookies and collect identifying information. See terms. The Jeopardy! game show and all elements thereof, including but not limited to copyright and trademark thereto, are the property of Jeopardy Productions, Inc. and are protected under law. This website is not affiliated with, sponsored by, or operated by Jeopardy Productions, Inc. Join the discussion at JBoard.tv.